LIBRARY & INFORMATION CENTRE, KCAET, TAVANUR

ONLINE PUBLIC ACCESS CATALOGUE (OPAC)

Construction planning, equipment and methods / (Record no. 11292)

MARC details
000 -LEADER
fixed length control field 00470cam a2200169ua 4500
003 - CONTROL NUMBER IDENTIFIER
control field OSt
008 - FIXED-LENGTH DATA ELEMENTS--GENERAL INFORMATION
fixed length control field 250415b |||||||| |||| 00| 0 eng d
041 ## - LANGUAGE CODE
Language code of text/sound track or separate title eng
082 ## - DEWEY DECIMAL CLASSIFICATION NUMBER
Classification number 624
Item number PEU/CO
100 ## - MAIN ENTRY--AUTHOR NAME
Personal name Peurifoy, Robert L .
245 ## - TITLE STATEMENT
Title Construction planning, equipment and methods /
250 ## - EDITION STATEMENT
Edition statement 6 /
260 ## - PUBLICATION, DISTRIBUTION, ETC. (IMPRINT)
Place of publication New Delhi :
Name of publisher Tata Mc-Graw Hill Publishing Company ,
Year of publication 2003.
300 ## - PHYSICAL DESCRIPTION
Number of Pages 670 ; .
700 1# - ADDED ENTRY--PERSONAL NAME
Personal name Schexnayder, Clifford J .
942 ## - ADDED ENTRY ELEMENTS (KOHA)
Koha item type Books
Holdings
Withdrawn status Lost status Damaged status Home library Current library Date acquired Full call number Accession Number Koha item type
      KAUAET KAUAET 07/04/2012 624 PEU/CO 20826 Books
free website counter